000 004310000a22001690004500
003 MACL
005 20151231170603.0
008 151231b xxu||||| |||| 00| 0 eng d
040 _aMACL
_cMACL
041 _aEnglish
082 _a391.2/HAL
100 _aHall, Carrie A
_926025
245 _aFrom Hoopskirts To Nudity
260 _bThe Caxton Printers Ltd
_c1938
_aAmerica
650 _aCustoms
_94260
942 _cBK
_k391.2/HAL
_2ddc
999 _c36399
_d36399